Countries with Common 3-Letter Groups #2 - Statistics

General Stats
  • This quiz has been taken 3,303 times
    3,290 since last reset
  • The average score is 16 of 35
Answer Stats
Answer % Correct
Turkey
87%
Turkmenistan
85%
Mali
79%
Azerbaijan
72%
Morocco
69%
Djibouti
57%
Dominica
56%
Andorra
55%
Costa Rica
49%
Malawi
49%
United States of America
48%
Burkina Faso
47%
Dominican Republic
47%
Pakistan
47%
Eritrea
46%
Tajikistan
43%
Uzbekistan
42%
Sierra Leone
41%
Somalia
41%
Comoros
40%
Jamaica
40%
Malaysia
40%
Mauritania
39%
Nicaragua
38%
East Timor
37%
South Africa
37%
Guatemala
34%
Mauritius
34%
Central African Republic
27%
Palau
27%
Switzerland
27%
Australia
24%
Luxembourg
20%
Vatican City
17%
New Zealand
11%
No matching quizzes found
Score Distribution
Percent of People with Each Score
Percentile by Number Answered
Your Score History
You have not taken this quiz since the last reset